00465nam a2200181 a 4500001001300000003000900013005001700022008004100039020002500080082001800105100002100123245003000144260003200174300000900206500003500215505001000250650002300260nice12345678IN_TiNIC20260116012824.0050524s1988 lona grp 000 0 eng  a0700761 c474.500a297.1977bFER aFerdinand, Klaus aIslamb State and Society aLondonbCurzon Press c1988 a219p aincludes index and biblioraphy2 aNotes aIslam and Politics